| 000 | 00419nam a2200157Ia 4500 | ||
|---|---|---|---|
| 005 | 20250403134500.0 | ||
| 008 | 231217s9999 xx 000 0 und d | ||
| 020 | _a9788131414170 | ||
| 082 | _a001.64404 SAN;1 R | ||
| 100 | _aSangeetha, K ed. | ||
| 245 | 0 | _aOnline networking : connecting people | |
| 260 |
_c2008 _bICFAI Press _aHyderabad |
||
| 300 | _avii, 219 | ||
| 650 | _anetworking,connecting | ||
| 942 | _cAA | ||
| 999 |
_c190941 _d190941 |
||